[Event "Challenge"]
[Site "http://www.queenalice.com/game.php?id=256934"]
[Date "2007.8.17"]
[Round "-"]
[White "aquiles88"]
[Black "Augusto123"]
[Result "1-0"]
[WhiteElo "2178"]
[BlackElo "1962"]

1. e4 c6 2. d4 d5 3. Nd2 dxe4 4. Nxe4 Nd7 5. Nf3 Ngf6 6. Ng3 e6 7. Bd3 c5 8. O-O
cxd4 9. Nxd4 Bc5 10. c3 Bxd4 11. cxd4 O-O 12. Bf4 Nb6 13. Re1 Bd7 14. Nh5 Bc6
15. Be5 Nbd7 16. Nxf6+ Nxf6 17. Re3 g6 18. Rh3 Re8 19. Qd2 Ng4 20. Bf4 Nf6 21.
Bc4 Rc8 22. Bb3 Ne4 23. Qe3 Qd7 24. Bh6 Bd5 25. Qf4 f6 26. Rd3 g5 27. Qg4 Bxb3
28. axb3 Qd5 29. h4 Rc2 30. f3 Nf2 31. Qh5 Rd8 32. Rc3 1-0

[Event "Challenge"]
[Site "http://www.queenalice.com/game.php?id=257696"]
[Date "2007.8.18"]
[Round "-"]
[White "Augusto123"]
[Black "magalhaes"]
[Result "1-0"]
[WhiteElo "1884"]
[BlackElo "1821"]

1. d4 d5 2. Nf3 c5 3. c4 e6 4. cxd5 Qxd5 5. Nc3 Qd8 6. Bf4 Bd6 7. Bxd6 Qxd6 8.
Ne4 Qb6 9. dxc5 Qxb2 10. Nd6+ Kf8 11. Nxc8 Qc3+ 12. Nd2 Qxc5 13. Rc1 Qb4 14. Rc4
Qa3 15. Ne4 Qa5+ 16. Rc3 Nc6 17. Ncd6 Rd8 18. Qb3 Rd7 19. Nxb7 Qe5 20. Qa3+ Nge7
21. Rxc6 g6 22. Nbd6 Kg7 23. Rc5 Qd4 24. e3 Qa1+ 25. Rc1 Qe5 26. f4 Qh5 27. Qb2+
e5 28. Be2 Qh4+ 29. g3 Qh3 30. Qxe5+ Kg8 31. Ne8 Qh6 32. N4f6+ Kf8 33. Nxd7+
Kxe8 34. Qxh8+ Kxd7 35. Bb5+ Nc6 36. Bxc6+ 1-0

[Event "Challenge"]
[Site "http://www.queenalice.com/game.php?id=258937"]
[Date "2007.8.21"]
[Round "-"]
[White "Augusto123"]
[Black "jpot2503"]
[Result "1-0"]
[WhiteElo "1924"]
[BlackElo "1687"]

1. d4 d5 2. c4 e6 3. Nc3 Nf6 4. Bg5 Be7 5. Nf3 Nbd7 6. e3 O-O 7. Qc2 a6 8. cxd5
exd5 9. Bd3 b6 10. Ne5 h6 11. Nc6 Qe8 12. Nxe7+ Qxe7 13. Nxd5 Qd6 14. Nxc7 hxg5
15. Nxa8 Bb7 16. Nxb6 Nxb6 17. Kf1 Qd5 18. Rg1 Qd6 19. h3 g4 20. hxg4 Nxg4 21.
Bh7+ Kh8 22. Rh1 Nh6 23. Bf5 Qd5 24. f3 Kg8 25. Be4 Qd7 26. Bd3 Nd5 27. Kf2 Qe7
28. Qd2 Qg5 29. Be4 Bc8 30. Qd3 Nf6 31. Rac1 Bf5 32. Bxf5 Nxf5 33. g4 Ne7 34.
Qxa6 Ned5 35. Qd3 Re8 36. Rce1 Nb4 37. Qc4 Nbd5 38. Qc5 Rf8 39. Rh8+ Kxh8 40.
Qxf8+ Kh7 41. Rh1+ Kg6 42. Qa3 Nc7 43. Qd3+ 1-0

[Event "Vamuma?"]
[Site "http://www.queenalice.com/game.php?id=259266"]
[Date "2007.8.21"]
[Round "-"]
[White "Augusto123"]
[Black "RatzMeister"]
[Result "1-0"]
[WhiteElo "1910"]
[BlackElo "1749"]

1. d4 d5 2. Nf3 Bf5 3. c4 Nf6 4. Qb3 b6 5. Nc3 e6 6. Bg5 Be7 7. cxd5 exd5 8.
Bxf6 Bxf6 9. Qxd5 Qxd5 10. Nxd5 Bd8 11. Rc1 Na6 12. e3 Be4 13. Bxa6 Bxd5 14. O-O
Bxf3 15. gxf3 O-O 16. Bb7 Rb8 17. Bc6 Bf6 18. Be4 Rbc8 19. Bf5 Rcd8 20. Rxc7 a5
21. f4 g6 22. Be4 h5 23. Rfc1 Kg7 24. R1c6 h4 25. h3 b5 26. Ra6 a4 27. Bd3 Rc8
28. Raa7 Rxc7 29. Rxc7 b4 30. a3 bxa3 31. bxa3 g5 32. fxg5 Bxg5 33. Ra7 Rc8 34.
Bb5 Rc1+ 35. Kg2 Kg6 36. Rxa4 Kf5 37. Kf3 Rh1 38. Ra5 Bxe3 39. Bd7+ Kf6 40. fxe3
Rxh3+ 41. Bxh3 1-0

[Event "Let's Play Chess!"]
[Site "http://www.queenalice.com/game.php?id=259993"]
[Date "2007.8.23"]
[Round "-"]
[White "Augusto123"]
[Black "spawnwolfwolverine"]
[Result "1-0"]
[WhiteElo "1733"]
[BlackElo "1640"]

1. d4 d5 2. Nf3 c6 3. Bg5 Nf6 4. Nc3 e6 5. e3 Be7 6. Bd3 O-O 7. O-O Nbd7 8. a3
b5 9. b4 a5 10. Rb1 axb4 11. axb4 Ng4 12. Bf4 h6 13. Ne2 f6 14. h3 g5 15. Bg3
Nxe3 16. fxe3 Rf7 17. Qd2 f5 18. Ra1 Rxa1 19. Rxa1 Bb7 20. c3 f4 21. exf4 gxf4
22. Bxf4 Bg5 23. Nxg5 hxg5 24. Bxg5 Nf6 25. Rf1 Qf8 26. Bxf6 Rxf6 27. Qg5+ Qg7
28. Qxf6 Qxf6 29. Rxf6 Kg7 30. Rxe6 Kf7 31. Nf4 Bc8 32. Rxc6 Bd7 33. Rc7 Ke8 34.
Rxd7 Kxd7 35. Bxb5+ Kd6 36. g4 Ke7 37. Nxd5+ Kd6 38. c4 Ke6 39. g5 Kf5 40. h4
Kg6 41. Bd7 Kh5 42. b5 Kxh4 43. g6 Kg5 44. g7 Kh4 45. g8=Q Kh5 46. Nf4+ Kh6 47.
Qg6# 1-0

[Event "Let's Play Chess!"]
[Site "http://www.queenalice.com/game.php?id=260084"]
[Date "2007.8.23"]
[Round "-"]
[White "Augusto123"]
[Black "spawnwolfwolverine"]
[Result "1-0"]
[WhiteElo "1777"]
[BlackElo "1620"]

1. d4 d5 2. c4 dxc4 3. Nf3 a6 4. e3 b5 5. a4 c6 6. axb5 cxb5 7. b3 cxb3 8. Bxb5+
Bd7 9. Bc4 e6 10. Nc3 Nf6 11. O-O Be7 12. Qxb3 O-O 13. Ne5 g6 14. Qb7 Bc6 15.
Nxc6 Nxc6 16. Qxc6 a5 17. Bd2 Bb4 18. Rfc1 h5 19. Qa4 Bxc3 20. Bxc3 Ne4 21. Bxa5
Qxa5 22. Qxa5 Rxa5 23. Rxa5 Kg7 24. Be2 f5 25. Rc7+ Kf6 26. Raa7 Kg5 27. g3 h4
28. gxh4+ Kxh4 29. Rh7+ Kg5 30. Raf7 Rxf7 31. Rxf7 Nc3 32. Bf3 Kh4 33. Kg2 Kg5
34. Rc7 Nb5 35. Rb7 Nd6 36. Rb6 Ne4 37. Bxe4 fxe4 38. Rxe6 Kf5 39. Rb6 Kg4 40.
Rxg6+ Kf5 41. Rg8 Kf6 42. h4 Kf5 43. h5 Kf6 44. h6 Kf5 45. h7 Kf6 46. h8=Q+ Ke6
47. Qe5+ Kf7 48. Rg7+ Kf8 49. Qe7# 1-0

[Event "AUTO-ADV-620"]
[Site "http://www.queenalice.com/game.php?id=260255"]
[Date "2007.8.23"]
[Round "1"]
[White "magalhaes"]
[Black "Augusto123"]
[Result "0-1"]
[WhiteElo "1777"]
[BlackElo "1933"]

1. e4 c6 2. d4 d5 3. Nc3 dxe4 4. Nxe4 Nd7 5. Qe2 Ndf6 6. Nf3 Nxe4 7. Qxe4 Nf6 8.
Qe2 Bg4 9. Bg5 Bxf3 10. Qxf3 Qxd4 11. c3 Qc5 12. Be3 Qa5 13. b4 Qe5 14. Rc1 e6
15. Be2 Nd5 16. Bd4 Qf4 17. O-O Qd2 18. a4 Qg5 19. Be3 Nxe3 20. fxe3 Qe7 21. c4
g6 22. Rf2 Bg7 23. h4 O-O 24. c5 Qxh4 25. g3 Qxb4 26. Rh2 Qxa4 27. Kf2 Rad8 28.
Rch1 Rd5 29. e4 Rxc5 30. Rxh7 Qd4+ 31. Kg2 Rc2 32. R7h2 Qc4 33. g4 Qxe2+ 34.
Qxe2 Rxe2+ 35. Kf3 Rxh2 36. Rxh2 b5 37. Ra2 Ra8 38. Ra6 c5 39. Rc6 b4 40. Rxc5
b3 41. Rb5 b2 42. Ke3 a5 43. e5 Bxe5 44. Rxe5 b1=Q 45. Kf4 Qf1+ 46. Kg5 Rd8 47.
Kh4 Kg7 48. Re3 Rh8+ 49. Kg3 Rh3# 0-1

[Event "AUTO-ADV-620"]
[Site "http://www.queenalice.com/game.php?id=260256"]
[Date "2007.8.23"]
[Round "1"]
[White "Augusto123"]
[Black "magalhaes"]
[Result "1-0"]
[WhiteElo "1946"]
[BlackElo "1861"]

1. d4 d5 2. Nf3 Bg4 3. Ne5 Bd7 4. Nxd7 Nxd7 5. e3 a6 6. c4 e6 7. Nc3 c6 8. Bd3
Ngf6 9. O-O Be7 10. Bd2 O-O 11. Rc1 Rc8 12. Qb3 Qb6 13. Na4 Qxb3 14. axb3 b6 15.
Ra1 b5 16. Nc3 Nb8 17. c5 Bd8 18. b4 Ne8 19. e4 dxe4 20. Bxe4 f5 21. Bf3 g5 22.
Rfe1 Ng7 23. Rad1 Bf6 24. Be3 f4 25. Bc1 Rfd8 26. Ne4 Rf8 27. b3 Rcd8 28. Bb2
Nf5 29. Nxf6+ Rxf6 30. d5 Rg6 31. dxc6 Rc8 32. c7 Rxc7 33. Rd8+ Kf7 34. Rxb8 Ne7
35. Rb7 Rc8 36. Rd1 g4 37. Be4 Rg5 38. Rdd7 Re8 39. c6 Rg7 40. Bxg7 Kxg7 41.
Rxe7+ Rxe7 42. Rxe7+ Kf6 43. Rd7 e5 44. c7 h5 45. c8=Q Kg5 46. Rf7 Kh6 47. Qg8
1-0

[Event "AUTO-ADV-620"]
[Site "http://www.queenalice.com/game.php?id=260269"]
[Date "2007.8.23"]
[Round "1"]
[White "Augusto123"]
[Black "rubenov"]
[Result "1-0"]
[WhiteElo "1618"]
[BlackElo "1908"]

1. d4 d5 2. Nf3 Bg4 3. c4 Bxf3 4. exf3 dxc4 5. Bxc4 e6 6. O-O c6 7. Re1 Nf6 8.
Nc3 Bb4 9. Bg5 Nbd7 10. Qb3 Bxc3 11. bxc3 Rb8 12. Bf4 Rc8 13. Qxb7 a5 14. Ba6
1-0

[Event "AUTO-ADV-620"]
[Site "http://www.queenalice.com/game.php?id=260270"]
[Date "2007.8.23"]
[Round "1"]
[White "rubenov"]
[Black "Augusto123"]
[Result "0-1"]
[WhiteElo "1888"]
[BlackElo "1844"]

1. d4 Nf6 2. c4 e6 3. a3 d5 4. c5 Be7 5. Bf4 O-O 6. Nc3 b6 7. b4 a5 8. cxb6 axb4
9. bxc7 Qxc7 10. Bxc7 bxc3 11. e3 Bd7 12. Bd3 Rc8 13. Bxb8 Rcxb8 14. Ne2 Bxa3
15. O-O Ba4 16. Bc2 Bb5 17. Re1 Bb2 18. Rb1 Bc4 19. Ng3 Ba2 20. h3 Bxb1 21. Bxb1
Ra1 22. Qc2 Ba3 23. Rd1 Bd6 24. Kh2 Bxg3+ 25. Kxg3 Ne4+ 26. Kh2 Rb2 27. Qd3 f5
0-1

[Event "Let's Play Chess!"]
[Site "http://www.queenalice.com/game.php?id=264179"]
[Date "2007.8.30"]
[Round "-"]
[White "Eternamente_Anjo"]
[Black "Augusto123"]
[Result "1-0"]
[WhiteElo "1942"]
[BlackElo "1953"]

1. e4 c6 2. d4 d5 3. Nc3 dxe4 4. Nxe4 Nd7 5. c4 Ngf6 6. Ng3 e6 7. a3 c5 8. Nf3
cxd4 9. Qxd4 Bc5 10. Qc3 O-O 11. b4 Bd6 12. Bd3 Qc7 13. Bb2 b6 14. Ne4 Bf4 15.
Rd1 Bb7 16. g3 Bh6 17. Qc2 Rac8 18. Nxf6+ Nxf6 19. Be5 Qc6 20. Be2 Rfd8 21. O-O
1-0

[Event "Challenge"]
[Site "http://www.queenalice.com/game.php?id=273214"]
[Date "2007.9.18"]
[Round "-"]
[White "Lucioamorim"]
[Black "Augusto123"]
[Result "1-0"]
[WhiteElo "2026"]
[BlackElo "1889"]

1. e4 c6 2. d4 d5 3. Nc3 dxe4 4. Nxe4 Nd7 5. Qe2 Ndf6 6. c3 Nxe4 7. Qxe4 Nf6 8.
Qe2 Bf5 9. Nf3 e6 10. Ne5 Be7 11. g3 O-O 12. Bg2 Bd6 13. Bg5 Re8 14. O-O Qc7 15.
Bxf6 gxf6 16. Nc4 Bf8 17. Be4 Bg6 18. Qf3 Bg7 19. Bxg6 hxg6 20. Ne3 e5 21. dxe5
fxe5 22. h4 Rad8 23. h5 e4 24. Qg4 Qd7 25. hxg6 fxg6 26. Qxg6 Re6 27. Qg4 Re5
28. Rfd1 1-0

[Event "Challenge"]
[Site "http://www.queenalice.com/game.php?id=287718"]
[Date "2007.10.16"]
[Round "-"]
[White "Augusto123"]
[Black "ramongarcia"]
[Result "0-1"]
[WhiteElo "1907"]
[BlackElo "2193"]

1. d4 f5 2. e4 fxe4 3. f3 d5 4. Nc3 Nf6 5. fxe4 dxe4 6. Bg5 Bf5 7. Bc4 h6 8.
Bxf6 exf6 9. Nge2 Qd7 10. O-O Nc6 11. Bb5 a6 12. Bxc6 bxc6 13. Qd2 Bh7 14. Qe3
f5 15. Na4 Rd8 16. Qc3 Qd5 17. Qg3 Rd7 18. b3 c5 19. c4 Qd6 20. Nxc5 Qxg3 21.
hxg3 Bxc5 22. dxc5 O-O 23. Rad1 Rfd8 24. Nc3 Rd3 25. Rxd3 Rxd3 26. Ne2 Rd2 27.
Nc3 c6 0-1

[Event "AUTO-ADV-620"]
[Site "http://www.queenalice.com/game.php?id=314075"]
[Date "2007.12.3"]
[Round "2"]
[White "IvanIrk"]
[Black "Augusto123"]
[Result "1-0"]
[WhiteElo "1723"]
[BlackElo "1878"]

1. e4 c6 2. d4 d5 3. e5 Bf5 4. a3 e6 5. h3 c5 6. c3 Nc6 7. Bb5 Qb6 8. a4 a6 9.
Bxc6+ bxc6 10. Nf3 cxd4 11. Nxd4 Bg6 12. Qe2 Bc5 13. Be3 1-0

[Event "AUTO-ADV-620"]
[Site "http://www.queenalice.com/game.php?id=314076"]
[Date "2007.12.3"]
[Round "2"]
[White "Augusto123"]
[Black "IvanIrk"]
[Result "0-1"]
[WhiteElo "1856"]
[BlackElo "1745"]

1. d4 d5 2. Nf3 e6 3. c4 c6 4. cxd5 cxd5 5. Nc3 a6 6. Bf4 Nc6 7. e3 b5 8. Bd3
Bb4 9. O-O Nf6 10. Rc1 Bd6 11. Bg5 Be7 12. Bf4 O-O 13. Bb1 h6 14. a3 b4 0-1

[Event "AUTO-OPEN-748"]
[Site "http://www.queenalice.com/game.php?id=332323"]
[Date "2008.1.7"]
[Round "2"]
[White "Jonny_Fake"]
[Black "Augusto123"]
[Result "1-0"]
[WhiteElo "1813"]
[BlackElo "1836"]

1. e4 c6 2. e5 d5 3. d4 Bf5 4. Bd3 Bxd3 5. Qxd3 e6 6. Nf3 c5 7. dxc5 Qa5+ 8. Bd2
Qxc5 9. O-O Ne7 10. b4 Qc7 11. Nc3 Nbc6 12. Nb5 Qb8 13. Nd6+ Kd7 14. Nxf7 Rg8
15. Qxh7 Nf5 16. Qxg8 Bxb4 17. Qh7 1-0